[Event "Balaguer op 16th "]
[Site "Balaguer"]
[Date "2011.07.25"]
[Round "9"]
[White "Ivanov Markov, Rodoslav"]
[Black "Turuguet Lopez, Josep Lluis"]
[Result "0-1"]
[WhiteElo "1715"]
[BlackElo "1928"]
[PlyCount "100"]
[EventDate "2011.07.17"]
[EventType "swiss"]
[EventRounds "9"]
[EventCountry "ESP"]
[SourceTitle "CBM 143 Extra"]
[Source "ChessBase"]
[SourceDate "2011.08.29"]
[SourceVersion "1"]
[SourceVersionDate "2011.08.29"]
[SourceQuality "1"]

1. e4 c5 2. Nf3 e6 3. Be2 d5 4. exd5 exd5 5. d4 Nf6 6. 0-0 Nbd7 7. c3 Bd6 8. Be3 Ng4 9. Bd2 0-0 10. h3 Ngf6 11. Be3 c4 12. Nbd2 Re8 13. Qc2 Rxe3 14. fxe3 Qe7 15. e4 dxe4 16. Ng5 b5 17. Ndxe4 Bc7 18. Nxf6+ Nxf6 19. Bf3 Qe3+ 20. Kh1 Qf4 21. Kg1 Bf5 22. Ne4 Bxe4 23. Bxe4 Qe3+ 24. Kh1 Nxe4 25. Rf3 Ng3+ 26. Kh2 Nf1+ 27. Kh1 Ng3+ 28. Kh2 Qg5 29. Re1 h5 30. Kg1 h4 31. Qf2 Rf8 32. Qe3 Qxe3+ 33. Rfxe3 Nf5 34. Re8 Bg3 35. Rxf8+ Kxf8 36. Re4 Nd6 37. Re2 f5 38. a3 Ne4 39. Kf1 Ke7 40. Kg1 Kd6 41. Kf1 a5 42. Rc2 Kd5 43. Ke2 Bf4 44. Kf3 g5 45. Ke2 g4 46. hxg4 fxg4 47. Kf1 Bd2 48. Ke2 h3 49. gxh3 gxh3 50. Kf3 a4 0-1

[Event "Balaguer op 16th "]
[Site "Balaguer"]
[Date "2011.07.24"]
[Round "8"]
[White "Fandino Reyes, Roquelina"]
[Black "Ivanov Markov, Rodoslav"]
[Result "1-0"]
[WhiteElo "2145"]
[BlackElo "1715"]
[PlyCount "69"]
[EventDate "2011.07.17"]
[EventType "swiss"]
[EventRounds "9"]
[EventCountry "ESP"]
[SourceTitle "CBM 143 Extra"]
[Source "ChessBase"]
[SourceDate "2011.08.29"]
[SourceVersion "1"]
[SourceVersionDate "2011.08.29"]
[SourceQuality "1"]

1. Nf3 d5 2. g3 Nc6 3. Bg2 e5 4. d3 Bc5 5. 0-0 Nge7 6. c3 Bb6 7. b4 a6 8. a3 0-0 9. Nbd2 Ng6 10. Rb1 Nce7 11. Qc2 c6 12. e4 Be6 13. Ng5 Bd7 14. h4 h6 15. Ngf3 Bc7 16. c4 d4 17. c5 Qc8 18. Kh2 f5 19. Nc4 Qb8 20. Qe2 fxe4 21. dxe4 Bg4 22. Rb3 Rf6 23. Bh3 Bxh3 24. Kxh3 Qc8+ 25. Kh2 Qg4 26. Nxd4 Qxe2 27. Nxe2 Rd8 28. Be3 Nf8 29. Rbb1 Ne6 30. Rbd1 Rdf8 31. Rd7 R8f7 32. Kg1 Kf8 33. Rd2 g5 34. h5 Ke8 35. Rfd1 1-0

[Event "Balaguer op 16th "]
[Site "Balaguer"]
[Date "2011.07.23"]
[Round "7"]
[White "Ivanov Markov, Rodoslav"]
[Black "Subarroca Blanch, Francesco"]
[Result "1-0"]
[WhiteElo "1715"]
[BlackElo "1880"]
[PlyCount "111"]
[EventDate "2011.07.17"]
[EventType "swiss"]
[EventRounds "9"]
[EventCountry "ESP"]
[SourceTitle "CBM 143 Extra"]
[Source "ChessBase"]
[SourceDate "2011.08.29"]
[SourceVersion "1"]
[SourceVersionDate "2011.08.29"]
[SourceQuality "1"]

1. e4 b6 2. Nf3 Bb7 3. d3 Nf6 4. g3 e5 5. Bg2 d6 6. Be3 Be7 7. Nbd2 Nc6 8. c3 h6 9. Qc2 Qd7 10. Nh4 g6 11. 0-0-0 0-0-0 12. h3 Kb8 13. Nhf3 d5 14. exd5 Nxd5 15. Nb3 f5 16. Bd2 Bd6 17. Nh4 Nce7 18. Nf3 Nf6 19. Ne1 e4 20. d4 g5 21. Rg1 f4 22. g4 Ned5 23. Kb1 Rhe8 24. Bc1 e3 25. fxe3 Nxe3 26. Bxe3 Rxe3 27. Bxb7 Kxb7 28. Nd3 Qe7 29. Rde1 Nd5 30. Qg2 c6 31. Nbc1 Rf8 32. Rgf1 Rxe1 33. Rxe1 Ne3 34. Qf3 Re8 35. b3 Qe4 36. Qxe4 Rxe4 37. Nf2 Re7 38. Ncd3 Rf7 39. Ne4 Bc7 40. Ndf2 Re7 41. Kc1 Nd5 42. Kd2 Ne3 43. Kc1 Ng2 44. Nc5+ bxc5 45. Rxe7 cxd4 46. cxd4 Kb6 47. Rh7 f3 48. Rxh6 Bf4+ 49. Kc2 Be3 50. Ne4 f2 51. Nxf2 Bxf2 52. d5 Ne3+ 53. Kd3 Nxd5 54. Ke2 Bh4 55. Kf3 Nf4 56. Rxh4 1-0